MARKETING CHANNELS A MANAGEMENT VIEW (Record no. 29951)
[ view plain ]
| 000 -LEADER | |
|---|---|
| fixed length control field | 00393nam a2200145Ia 4500 |
| 008 - FIXED-LENGTH DATA ELEMENTS--GENERAL INFORMATION | |
| fixed length control field | 240624s9999 xx 000 0 und d |
| 041 ## - LANGUAGE CODE | |
| Language code of text/sound track or separate title | eng |
| 082 ## - DEWEY DECIMAL CLASSIFICATION NUMBER | |
| Classification number | 658.87 ROS |
| 100 ## - MAIN ENTRY--PERSONAL NAME | |
| Personal name | ROSENBLOOM BERT |
| 245 ## - TITLE STATEMENT | |
| Title | MARKETING CHANNELS A MANAGEMENT VIEW |
| 250 ## - EDITION STATEMENT | |
| Edition statement | (8th ed.) |
| 260 ## - PUBLICATION, DISTRIBUTION, ETC. | |
| Date of publication, distribution, etc. | 2013 |
| Place of publication, distribution, etc. | New Delhi |
| Name of publisher, distributor, etc. | South-Western Cengage Learning |
| 300 ## - PHYSICAL DESCRIPTION | |
| Extent | xxiii, 660 p.; 26 cm. |
| 365 ## - TRADE PRICE | |
| Currency code | BPS |
| Price amount | 26 |
| Withdrawn status | Lost status | Damaged status | Not for loan | Home library | Current library | Shelving location | Date acquired | Cost, normal purchase price | Full call number | Barcode | Date last seen | Copy number | Price effective from | Koha item type |
|---|---|---|---|---|---|---|---|---|---|---|---|---|---|---|
| IMTN | IMTN | Rack 36-B | 12/06/2017 | 61.99 | 658.87 ROS | 29951 | 06/24/2024 | 88 | 06/24/2024 | Books |